| 000 | 01436nam a2200265Ia 4500 | ||
|---|---|---|---|
| 003 | OSt | ||
| 005 | 20250612152842.0 | ||
| 008 | 191128s2000 ck jr 000 fdspa d | ||
| 020 | _a9789580456339 | ||
| 040 |
_aCO-JMCR _cCO-JMCR |
||
| 041 | 0 | _aspa | |
| 082 | 0 | 4 |
_aJ-N _bREYa |
| 100 | 1 |
_aReyes, Yolanda, _eautor _91217 |
|
| 245 | 1 | 4 |
_aLos años terribles / _cYolanda Reyes |
| 260 |
_aBogotá : _bNorma, _c2000 |
||
| 300 |
_a190 páginas ; _c21 cm. |
||
| 490 | 0 | _aZona libre | |
| 500 | _aIncluye datos biográficos de la autora en solapa. | ||
| 505 | 0 | _aTres relatos -- Tejiendo trenzas -- Señales de adolescencia -- Metamorfosis -- A los quince años -- Las líneas de la mano -- Buscando direcciones -- Tres bocas torcidas | |
| 520 | _aAntes no éramos así; antes teníamos costumbres, unas rutinas, una amistad secreta, unos juegos. Ahora no jugamos a nada. En el colegio no nos determinamos, cada uno tiene su grupo. Algo se ha roto. Los gestos y las costumbres de antes ya no significan lo mismo. El problema es que no tenemos otras costumbres de reemplazo. Seguimos ahí paradas, con ese calor, como tres bobas atravesadas, tres bocas torcidas en la mitad de tanta gente con caras felices. | ||
| 586 | _aBeca de creación literaria otorgada por el Ministerio de Cultura de Colombia en 1992 | ||
| 650 | 1 | 4 |
_aNovela colombiana _ySiglo XXI _91218 |
| 650 | 1 | 4 |
_aNovela juvenil colombiana _ySiglo XXI _91218 |
| 942 |
_2ddc _cBK |
||
| 999 |
_c3503 _d3503 |
||